00882nam a2200181 a 4500003000200000005001700002008004100019050002900060100002200089245025000111260009000361300004000451504004100491650003400532650005100566650004900617650003400666020250523100235.0030519s19uu xx 00 eng d aPHS BV 4531.3b.B66 2003 aBonifacio, Aaron. aA Comparative study on the improvements in spirituality, interpersonal relationships, and the emotional, psychological, philosophical, and intellectual well-being of members of youth on fire and youth of the family for Christ /cAaron Bonifacio. aLas Piñas City, Philippines :bSouthville International School and Colleges,c2003. a74 pages :billustrations ;c28 cm. aIncludes bibliographical references. aChristian youthzPhilippines. aYouth of the Family for Christ (Organization). aPsychological well-beingxReligious aspects. aChristian youthzPhilippines.